Saved by the Bell Quiz Stats

 Plays Quiz Updated Sep 13, 2019

Support Sporcle.
Go Orange.
Score 0/13 Timer 04:00
0 Plays Today
Character Name Real Name % Correct
A.C. SlaterMario López
88.6%
Samuel 'Screech' PowersDustin Diamond
77.1%
Jessie SpanoElizabeth Berkley
61.2%
Kelly KapowskiTiffani-Amber Thiessen
50.1%
Violet Anne BickerstaffTori Spelling
48.2%
Lisa TurtleLark Voorhies
43.8%
Zack MorrisMark-Paul Gosselaar
39.5%
Richard BeldingDennis Haskins
32.7%
Stacey CarosiLeah Remini
32%
MaxEd Alonzo
10.3%
Tori ScottLeanna Creel
7.4%
GingerBridgette Wilson
6.4%
Mr. DeweyPatrick O'Brien
2.3%

From the Vault

Click the Movie Moms

by babymonkee

Movies 4m
And make sure to eat your vegetables.
Remove Ads.
Support Sporcle.
Get the best of Sporcle when you Go Orange. This ad-free experience offers more features, more stats, and more fun while also helping to support Sporcle. Thank you for becoming a member.

Show Comments

Extras

Top Quizzes Today


Score Distribution

Your Account Isn't Verified!

In order to create a playlist on Sporcle, you need to verify the email address you used during registration. Go to your Sporcle Settings to finish the process.

Report this User

Report this user for behavior that violates our Community Guidelines.

Details: